| 000 | 01066nmc a2200361 a 4500 | ||
|---|---|---|---|
| 003 | AR-BaBNM | ||
| 005 | 20251128204341.0 | ||
| 008 | 011101s1986 ||||||||||||||000 | spa|| | ||
| 020 | _a84-7509-256-X | ||
| 040 | _cAR-BaBNM | ||
| 100 | 1 | _aGirolami-Boulinier, Andrée | |
| 245 | 1 | 0 | _aPrevención de la dislexia y la disortografía |
| 260 |
_aBarcelona _bPaidós _c1986 |
||
| 300 | 0 |
_a123 p. _bil., gráfs. |
|
| 490 | 0 |
_aPaidós educador _vv. 48 |
|
| 500 | 0 | _aContiene índice de las materias | |
| 650 | 4 | _aENSENANZA DE LA ESCRITURA | |
| 650 | 4 | _aENSENANZA DE LA LECTURA | |
| 650 | 4 | _aLECTURA CORRECTIVA | |
| 650 | 4 | _aPROGRAMAS DE LECTURA | |
| 650 | 4 | _aENSENANZA DE LA EXPRESION ORAL | |
| 650 | 4 | _aORTOGRAFIA | |
| 650 | 4 | _aVOCABULARIO | |
| 650 | 4 | _aDESARROLLO DEL LENGUAJE | |
| 650 | 4 | _aPROCESO DE LECTURA | |
| 650 | 4 | _aSOLUCION DE PROBLEMAS | |
| 650 | 4 | _aDISLEXIA | |
| 700 | 1 |
_aAvellaneda, Diana _etraductor |
|
| 800 | 1 |
_aRomero Brest, Gilda Lamarque de _edirector |
|
| 800 | 1 |
_aBernstein, Jaime _edirector |
|
| 942 | _cBK | ||
| 998 | _claura | ||
| 999 |
_c7115 _d7115 |
||